• 首页
  • 本馆介绍
  • 公告通知
  • 最新文献
  • 馆藏检索
  • 电子资源
  • 读者导购
  • 参考咨询
  • 我的图书馆
  • 登录
  • 详细信息显示
  • 放入我的书架
  • 预约/预借图书
  • 作者相关作品
  • 分类相关作品
  • 丛书相关作品
  • 出版社相关作品

书目信息

  • 表格格式
  • 工作单格式
  • 卡片格式
题名:
蒙古帝国空前绝后四百年
    
 
作者: 孙钥洋 著
分册: 1   成吉思汗崛起大漠
出版信息: 重庆   重庆出版社  2012.11
页数: 264页
开本: 24cm
丛书名:
单 册:
中图分类: K281.2
科图分类:
主题词: 蒙古族--民族历史--中国 , 蒙古族 , 民族历史
电子资源:
ISBN: 978-7-229-05063-4
000 00869nam0 2200253 450
001 0100500019000
005 20130504092718.27
010    @a978-7-229-05063-4@dCNY29.80
100    @a20121117d2012 em y0chiy50 ea
101 0  @achi
102    @aCN@b500000
105    @ay z 000yy
106    @ar
200 1  @a蒙古帝国空前绝后四百年@9meng gu di guo kong qian jue hou si bai nian@h1@i成吉思汗崛起大漠@f孙钥洋著
210    @a重庆@c重庆出版社@d2012.11
215    @a264页@d24cm
330    @a本书共分为:铁木真之横空出世;统一蒙古;成吉思汗;挥师金国;蒙古西征;成吉思汗之死几部分,主要内容包括:神秘的马车、战神降世、少年磨难、九死一生等。
606 0  @a蒙古族@x民族历史@y中国
606 0  @a蒙古族
606 0  @a民族历史
690    @aK281.2@v5
701  0 @a孙钥洋@9sun yue yang@f(1975-)@4著
801  0 @aCN@bRENTIAN@c20121117
905    @b542692-96@dK281.2@e72:1@f5
    
    蒙古帝国空前绝后四百年.1.成吉思汗崛起大漠/孙钥洋著.-重庆:重庆出版社,2012.11
    264页;24cm
    
    
    ISBN 978-7-229-05063-4:CNY29.80
    本书共分为:铁木真之横空出世;统一蒙古;成吉思汗;挥师金国;蒙古西征;成吉思汗之死几部分,主要内容包括:神秘的马车、战神降世、少年磨难、九死一生等。
●
相关链接 在E读中查询图书 在五车中查询图书 在当当中查询图书 在豆瓣中查询图书


正题名:蒙古帝国空前绝后四百年     索取号:K281.2/72:1         预约/预借

序号 登录号 条形码 馆藏地/架位号 状态 备注
1 542692   205426920   第二样本阅览室/ [索取号:K281.2/72:1] 在馆    
2 542693   205426939   第二借阅区/ [索取号:K281.2/72:1] 在馆    
3 542694   205426948   第二借阅区/ [索取号:K281.2/72:1] 在馆    
4 542695   205426957   密集书库-史法系/ [索取号:K281.2/72:1] 在馆    
5 542696   205426966   密集书库-史法系/ [索取号:K281.2/72:1] 在馆    
唐山师范学院图书馆 欢迎您!
大连网信软件有限公司© 版权所有